| 000 | 01279ncm0a2200337 4500 | ||
|---|---|---|---|
| 001 | RU\NLR\ONIZ\214266 | ||
| 005 | 20250625215133.0 | ||
| 035 | _a(NLR Aleph) 011200607 | ||
| 071 | 2 | 0 | _aс 2746 к |
| 090 |
_a11920225 _c11920225 |
||
| 100 | _a20160526d2000 |||y0rusy50 ca | ||
| 101 | 0 | _arus | |
| 102 | _aRU | ||
| 125 | _aax | ||
| 200 | 1 |
_aОркестровые трудности для гобоя и английского рожка _bНоты _eоперы и балеты П. И. Чайковского _fсост. и ред. Л. Сироткина |
|
| 210 |
_aСанкт-Петербург _cКомпозитор _dcop. 2000 |
||
| 215 |
_a46 с. _d29 см |
||
| 686 |
_aЩ957.239.1(2Р=Рус) _vLBC/SL _2rubbk |
||
| 686 |
_aЩ957.232.91(2Р=Рус) _vLBC/SL _2rubbk |
||
| 700 | 1 |
_9z04790 _aСироткин _bЛ. _gЛеонид _4220 |
|
| 702 | 1 |
_9z03790 _aЧайковский _bП. И. _f1840-1893 _gПетр Ильич _4230 _7ca |
|
| 790 | 1 |
_9z03702 _aChajkovskij _bP. I. _f1840-1893 _gPyotr Il`ich _4230 |
|
| 790 | 1 |
_9z04700 _aSirotkin _bL. _gLeonid _4220 |
|
| 801 | 0 |
_aRU _bNLR _c20160526 _gPSBO |
|
| 801 | 1 |
_aRU _bNLR _c20160526 _2rusmarc |
|
| 801 | 2 |
_aRU _bNLR _c20161208 |
|
| 852 |
_aNLR _bМ _jК-3/27762 _p257745 _t1 |
||
| 942 | _cSCORE | ||
| 980 | _aNB | ||
| 980 | _aONIZ | ||